|
|
|
|
| LEADER |
00919nam a2200229 a 4500 |
| 001 |
c000182824 |
| 003 |
CARM |
| 005 |
20050428114853.0 |
| 008 |
020907s1980 sz 000 0 eng |
| 019 |
1 |
|
|a 28153089
|5 LACONCORD2021
|
| 035 |
|
|
|a (OCoLC)8366870
|5 LACONCORD2021
|
| 040 |
|
|
|a VCAV
|b eng
|c VCAV
|
| 245 |
0 |
4 |
|a The monetary base approach to monetary control
|
| 260 |
|
|
|a Basle :
|b Bank for International Settlements, Monetary and Economic Dept.,
|c 1980.
|
| 300 |
|
|
|a 229 p. ;
|c 30 cm.
|
| 650 |
|
0 |
|a International finance.
|
| 650 |
|
0 |
|a Monetary policy.
|
| 650 |
|
0 |
|a Banks and banking, International.
|
| 710 |
2 |
|
|a Bank for International Settlements.
|b Monetary and Economic Dept.
|
| 852 |
8 |
|
|b CARM
|h A1:AR02C0
|i D07962
|p 0255213
|f BK
|
| 999 |
f |
f |
|i 4f523dc9-5f03-59ab-901e-c40076e1aa18
|s f3ea900a-60c9-5934-b6da-939b387a73bb
|
| 952 |
f |
f |
|p Can circulate
|a CAVAL
|b CAVAL
|c CAVAL
|d CARM 1 Store
|e D07962
|f A1:AR02C0
|h Other scheme
|i book
|m 0255213
|